000 00274nam a2200097Ia 4500
008 240331s9999 xx 000 0 und d
082 _a303.4
_bJAY
100 _aJayawardena, K
245 0 _aNobodies to somebodies :
_bThe Rise of the colonial bourgeoisie in Sri Lanka
942 _cL
999 _c1215
_d1215